| 000 | 006580000a22001930004500 | ||
|---|---|---|---|
| 003 | LK-CoMWRAF | ||
| 005 | 20240106115021.0 | ||
| 008 | 230817t ||||| |||| 00| 0 eng d | ||
| 040 |
_aLK-CoMWRAF _dLK-CoMWRAF _eLK-CoMWRAF |
||
| 041 | _aeng | ||
| 082 |
_a297.577 _bONE |
||
| 245 |
_aOne hundred steps one hundred provisions : _bFor an egalitarian codification of family and personal status Laws in the Maghreb |
||
| 260 |
_aLondon: _bWomen Living Under Muslim Laws, _c[2006?] |
||
| 300 | _a 36 p. ; 21 cm | ||
| 650 | _aDomestic relations- Africa, North | ||
| 650 | _aInheritance and succession | ||
| 650 | _aWomen's rights- Islamic countries | ||
| 942 | _cBK | ||
| 999 |
_c676 _d676 |
||